Clinical case discussion in anatomy early clinical exposure (Record no. 393664)

MARC details
000 -LEADER
fixed length control field 00565 a2200205 4500
005 - DATE & TIME
control field 20251218110000.0
008 - FIXED-LENGTH DATA ELEMENTS--GENERAL INFORMATION
fixed length control field 251218b |||||||| |||| 00| 0 eng d
020 ## - ISBN
International Standard Book Number 9789354662928
Price Rs. 450.00
040 ## - CATALOGING SOURCE
Original cataloging agency VIVEKANANDA LIBRARY
082 ## - DDC NUMBER
Classification number 611.07
Book Number S13C
100 ## - MAIN ENTRY--PERSONAL NAME
Personal name Shah, Ritesh
245 ## - TITLE STATEMENT
Title Clinical case discussion in anatomy early clinical exposure
260 ## - PUBLICATION, DISTRIBUTION, ETC. (IMPRINT)
Name of publisher, distributor, etc CBS Publishers and Distributors
Date of publication, distribution, etc 2024
Place of publication, distribution, etc New Delhi
300 ## - PHYSICAL DESCRIPTION
Pages x, 260
650 ## - Subject
Subject Human Anatomy
650 ## - Subject
Subject Clinical Case
700 ## - Added Entry Personal Name
Added Entry Personal Name Nirvan, Ashok
700 ## - Added Entry Personal Name
Added Entry Personal Name Kanani, Sanjay
942 ## - ADDED ENTRY ELEMENTS (KOHA)
Koha item type Books
Holdings
Withdrawn status Lost status Source of classification or shelving scheme Damaged status Not for loan Location (home branch) Sublocation or collection (holding branch) Shelving location Date acquired Koha issues (times borrowed) Koha full call number Accession No. Koha date last seen Koha item type
    Dewey Decimal Classification     VIVEKANANDA LIBRARY VIVEKANANDA LIBRARY Vivekananda Library 04/12/2025   611.07 S13C 443528 04/12/2025 Books
    Dewey Decimal Classification     VIVEKANANDA LIBRARY VIVEKANANDA LIBRARY Vivekananda Library 04/12/2025   611.07 S13C 443527 04/12/2025 Books
© Designed and Maintained by Vivekananda Library, MDU Rohtak